[Event "OPEN DE MENTON 2023"]
[Site "Palais de l'europe Menton, France"]
[Date "2023.10.22"]
[Round "1.1"]
[White "Thibault, DUDOGNON 2386"]
[Black "Selman, ERCAN 2033"]
[Result "1-0"]
[TimeControl "90'+30\"/ 40m + 30' +30\""]
[WhiteTitle "FM"]
[WhiteElo "2386"]
[BlackElo "2033"]

1. e4 {[%clk 01:30:57]} {[%emt 00:00:02]} c6 {[%clk 01:30:49]} {[%emt
00:00:11]} 2. d4 {[%clk 01:31:22]} {[%emt 00:00:05]} d5 {[%clk 01:31:11]}
{[%emt 00:00:08]} 3. e5 {[%clk 01:31:47]} {[%emt 00:00:05]} c5 {[%clk
01:31:22]} {[%emt 00:00:20]} 4. dxc5 {[%clk 01:32:11]} {[%emt 00:00:06]} e6
{[%clk 01:31:41]} {[%emt 00:00:10]} 5. Bd3 {[%clk 01:32:27]} {[%emt 00:00:13]}
Nc6 {[%clk 01:31:36]} {[%emt 00:00:35]} 6. Nf3 {[%clk 01:32:29]} {[%emt
00:00:28]} Bxc5 {[%clk 01:31:45]} {[%emt 00:00:21]} 7. O-O {[%clk 01:32:50]}
{[%emt 00:00:08]} Nge7 {[%clk 01:31:32]} {[%emt 00:00:44]} 8. Nbd2 {[%clk
01:33:13]} {[%emt 00:00:07]} Ng6 {[%clk 01:28:45]} {[%emt 00:03:17]} 9. Nb3
{[%clk 01:31:58]} {[%emt 00:01:45]} Bb6 {[%clk 01:28:56]} {[%emt 00:00:19]} 10.
Re1 {[%clk 01:31:51]} {[%emt 00:00:36]} O-O {[%clk 01:27:11]} {[%emt 00:02:16]}
11. Be3 {[%clk 01:31:46]} {[%emt 00:00:35]} Bc7 {[%clk 01:24:54]} {[%emt
00:02:47]} 12. Bc5 {[%clk 01:27:47]} {[%emt 00:04:29]} Ncxe5 {[%clk 01:21:36]}
{[%emt 00:03:47]} 13. Nxe5 {[%clk 01:26:25]} {[%emt 00:01:52]} Nxe5 {[%clk
01:21:36]} {[%emt 00:00:29]} 14. Bxf8 {[%clk 01:26:50]} {[%emt 00:00:05]} Qxf8
{[%clk 01:21:51]} {[%emt 00:00:15]} 15. Bxh7+ {[%clk 01:26:37]} {[%emt
00:00:43]} Kxh7 {[%clk 01:22:09]} {[%emt 00:00:11]} 16. Qh5+ {[%clk 01:27:04]}
{[%emt 00:00:03]} Kg8 {[%clk 01:22:28]} {[%emt 00:00:11]} 17. Rxe5 {[%clk
01:27:29]} {[%emt 00:00:05]} Bxe5 {[%clk 01:22:41]} {[%emt 00:00:18]} 18. Qxe5
{[%clk 01:27:54]} {[%emt 00:00:04]} Bd7 {[%clk 01:22:04]} {[%emt 00:01:07]} 19.
f4 {[%clk 01:23:48]} {[%emt 00:04:36]} Qb8 {[%clk 01:15:35]} {[%emt 00:06:59]}
20. c3 {[%clk 01:12:18]} {[%emt 00:12:01]} Qxe5 {[%clk 01:12:56]} {[%emt
00:03:10]} 21. fxe5 {[%clk 01:12:12]} {[%emt 00:00:36]} Rc8 {[%clk 01:13:06]}
{[%emt 00:00:19]} 22. Kf2 {[%clk 01:07:48]} {[%emt 00:04:54]} b6 {[%clk
00:59:14]} {[%emt 00:14:21]} 23. Re1 {[%clk 01:03:17]} {[%emt 00:05:01]} a5
{[%clk 00:54:09]} {[%emt 00:05:36]} 24. Nd4 {[%clk 01:01:04]} {[%emt 00:02:43]}
b5 {[%clk 00:51:40]} {[%emt 00:03:00]} 25. Re2 {[%clk 00:55:10]} {[%emt
00:06:23]} Kf8 {[%clk 00:34:29]} {[%emt 00:17:41]} 26. Ke1 {[%clk 00:53:01]}
{[%emt 00:02:38]} Ke7 {[%clk 00:33:53]} {[%emt 00:01:07]} 27. h4 {[%clk
00:47:14]} {[%emt 00:06:18]} Rh8 {[%clk 00:22:55]} {[%emt 00:11:28]} 28. Nf3
{[%clk 00:46:42]} {[%emt 00:01:02]} f5 {[%clk 00:21:31]} {[%emt 00:01:54]} 29.
g3 {[%clk 00:46:04]} {[%emt 00:01:08]} Rc8 {[%clk 00:16:16]} {[%emt 00:05:45]}
30. Nd4 {[%clk 00:46:11]} {[%emt 00:00:24]} Be8 {[%clk 00:15:47]} {[%emt
00:00:59]} 31. a3 {[%clk 00:42:27]} {[%emt 00:04:15]} Rc4 {[%clk 00:14:21]}
{[%emt 00:01:55]} 32. Kd2 {[%clk 00:40:01]} {[%emt 00:02:56]} b4 {[%clk
00:13:02]} {[%emt 00:01:48]} 33. axb4 {[%clk 00:40:27]} {[%emt 00:00:04]} axb4
{[%clk 00:13:26]} {[%emt 00:00:06]} 34. Re1 {[%clk 00:40:45]} {[%emt 00:00:12]}
bxc3+ {[%clk 00:12:58]} {[%emt 00:00:58]} 35. bxc3 {[%clk 00:39:17]} {[%emt
00:01:58]} Ra4 {[%clk 00:13:14]} {[%emt 00:00:13]} 36. Rb1 {[%clk 00:38:27]}
{[%emt 00:01:20]} Ra2+ {[%clk 00:12:17]} {[%emt 00:01:26]} 37. Ke3 {[%clk
00:38:42]} {[%emt 00:00:15]} Ra3 {[%clk 00:11:43]} {[%emt 00:01:05]} 38. Kd3
{[%clk 00:37:06]} {[%emt 00:02:06]} Ra2 {[%clk 00:08:01]} {[%emt 00:04:12]} 39.
Rb7+ {[%clk 00:35:02]} {[%emt 00:02:34]} Bd7 {[%clk 00:08:14]} {[%emt
00:00:17]} 40. Ne2 {[%clk 01:00:20]} {[%emt 00:05:12]} Ra4 {[%clk 00:34:17]}
{[%emt 00:04:27]} 41. Nf4 {[%clk 00:58:05]} {[%emt 00:02:44]} Re4 {[%clk
00:30:43]} {[%emt 00:04:05]} 42. Ng6+ {[%clk 00:56:34]} {[%emt 00:02:01]} Kd8
{[%clk 00:25:47]} {[%emt 00:05:26]} 43. Nf8 {[%clk 00:54:20]} {[%emt 00:02:44]}
Bc8 {[%clk 00:25:56]} {[%emt 00:00:20]} 44. Rxg7 {[%clk 00:54:46]} {[%emt
00:00:05]} Rxe5 {[%clk 00:24:19]} {[%emt 00:02:07]} 45. Kd4 {[%clk 00:51:34]}
{[%emt 00:03:42]} Re1 {[%clk 00:20:50]} {[%emt 00:03:58]} 46. Ng6 {[%clk
00:50:32]} {[%emt 00:01:32]} Bd7 {[%clk 00:16:18]} {[%emt 00:05:03]} 47. Kc5
{[%clk 00:46:30]} {[%emt 00:04:31]} e5 {[%clk 00:14:18]} {[%emt 00:02:30]} 48.
Kd6 {[%clk 00:46:18]} {[%emt 00:00:42]} Be8 {[%clk 00:14:36]} {[%emt 00:00:11]}
49. Ra7 {[%clk 00:45:34]} {[%emt 00:01:14]} Bxg6 {[%clk 00:14:08]} {[%emt
00:00:57]} 50. Ra8# {[%emt 00:00:05]} 1-0

[Event "OPEN DE MENTON 2023"]
[Site "Palais de l'europe Menton, France"]
[Date "2023.10.22"]
[Round "1.2"]
[White "Andrea, DE HEUG 2029"]
[Black "Clement, KUHN 2338"]
[Result "1/2-1/2"]
[TimeControl "90'+30\"/ 40m + 30' +30\""]
[BlackTitle "FM"]
[WhiteElo "2029"]
[BlackElo "2338"]

1. e4 {[%clk 01:30:56]} {[%emt 00:00:03]} c5 {[%clk 01:30:47]} {[%emt
00:00:13]} 2. Nf3 {[%clk 01:31:20]} {[%emt 00:00:05]} d6 {[%clk 01:31:12]}
{[%emt 00:00:06]} 3. d4 {[%clk 01:31:44]} {[%emt 00:00:06]} cxd4 {[%clk
01:31:32]} {[%emt 00:00:10]} 4. Nxd4 {[%clk 01:32:08]} {[%emt 00:00:07]} Nf6
{[%clk 01:31:52]} {[%emt 00:00:06]} 5. Nc3 {[%clk 01:32:33]} {[%emt 00:00:08]}
Nc6 {[%clk 01:32:11]} {[%emt 00:00:12]} 6. Bc4 {[%clk 01:31:00]} {[%emt
00:02:01]} Qb6 {[%clk 01:29:40]} {[%emt 00:03:02]} 7. Nb3 {[%clk 01:30:59]}
{[%emt 00:00:31]} e6 {[%clk 01:29:35]} {[%emt 00:00:34]} 8. Bf4 {[%clk
01:30:34]} {[%emt 00:00:56]} Ne5 {[%clk 01:20:21]} {[%emt 00:09:44]} 9. Be2
{[%clk 01:29:28]} {[%emt 00:01:35]} a6 {[%clk 01:20:02]} {[%emt 00:00:50]} 10.
Be3 {[%clk 01:26:23]} {[%emt 00:03:34]} Qc7 {[%clk 01:20:27]} {[%emt 00:00:06]}
11. f4 {[%clk 01:26:45]} {[%emt 00:00:08]} Nc4 {[%clk 01:19:09]} {[%emt
00:01:47]} 12. Bxc4 {[%clk 01:27:07]} {[%emt 00:00:07]} Qxc4 {[%clk 01:19:36]}
{[%emt 00:00:05]} 13. Qf3 {[%clk 01:23:30]} {[%emt 00:04:07]} Be7 {[%clk
01:02:31]} {[%emt 00:17:36]} 14. g4 {[%clk 01:12:14]} {[%emt 00:11:46]} d5
{[%clk 00:50:34]} {[%emt 00:12:27]} 15. exd5 {[%clk 01:02:27]} {[%emt
00:10:16]} exd5 {[%clk 00:46:58]} {[%emt 00:04:07]} 16. h3 {[%clk 00:58:53]}
{[%emt 00:04:03]} Ne4 {[%clk 00:41:50]} {[%emt 00:05:38]} 17. Nxe4 {[%clk
00:47:23]} {[%emt 00:12:00]} dxe4 {[%clk 00:41:32]} {[%emt 00:00:49]} 18. Qf2
{[%clk 00:47:16]} {[%emt 00:00:37]} a5 {[%clk 00:32:13]} {[%emt 00:09:49]} 19.
Bc5 {[%clk 00:36:39]} {[%emt 00:11:07]} a4 {[%clk 00:29:28]} {[%emt 00:03:16]}
20. Bxe7 {[%clk 00:37:01]} {[%emt 00:00:07]} Kxe7 {[%clk 00:27:52]} {[%emt
00:02:06]} 21. Qc5+ {[%clk 00:37:05]} {[%emt 00:00:25]} Qxc5 {[%clk 00:28:11]}
{[%emt 00:00:12]} 22. Nxc5 {[%clk 00:37:34]} {[%emt 00:00:01]} f5 {[%clk
00:24:57]} {[%emt 00:03:44]} 23. gxf5 {[%clk 00:32:17]} {[%emt 00:05:46]} Ra5
{[%clk 00:17:25]} {[%emt 00:08:02]} 24. Nxe4 {[%clk 00:31:42]} {[%emt
00:01:05]} Bxf5 {[%clk 00:16:35]} {[%emt 00:01:19]} 25. O-O-O {[%clk 00:29:22]}
{[%emt 00:02:50]} Rc8 {[%clk 00:13:40]} {[%emt 00:03:26]} 26. Rhe1 {[%clk
00:28:35]} {[%emt 00:01:17]} Kf8 {[%clk 00:14:08]} {[%emt 00:00:02]} 27. h4
{[%clk 00:23:31]} {[%emt 00:05:35]} a3 {[%clk 00:14:23]} {[%emt 00:00:16]} 28.
b3 {[%clk 00:23:08]} {[%emt 00:00:52]} Ra6 {[%clk 00:13:42]} {[%emt 00:01:11]}
29. c4 {[%clk 00:19:21]} {[%emt 00:04:17]} Re8 {[%clk 00:12:20]} {[%emt
00:01:51]} 30. Nc5 {[%clk 00:16:44]} {[%emt 00:03:07]} Rxe1 {[%clk 00:12:09]}
{[%emt 00:00:42]} 31. Rxe1 {[%clk 00:17:13]} {[%emt 00:00:01]} Rg6 {[%clk
00:12:12]} {[%emt 00:00:26]} 32. Re2 {[%clk 00:11:23]} {[%emt 00:06:21]} Rg3
{[%clk 00:10:05]} {[%emt 00:02:36]} 33. Nxb7 {[%clk 00:09:32]} {[%emt
00:02:22]} Rc3+ {[%clk 00:10:33]} {[%emt 00:00:01]} 34. Kd2 {[%clk 00:06:52]}
{[%emt 00:03:10]} Rh3 {[%clk 00:05:49]} {[%emt 00:05:14]} 35. c5 {[%clk
00:04:48]} {[%emt 00:02:34]} Bg4 {[%clk 00:03:21]} {[%emt 00:02:57]} 36. Re3
{[%clk 00:03:00]} {[%emt 00:02:20]} Rh2+ {[%clk 00:03:28]} {[%emt 00:00:23]} 37.
Kc3 {[%clk 00:03:13]} {[%emt 00:00:16]} Bd7 {[%clk 00:02:02]} {[%emt 00:01:56]}
38. Rd3 {[%clk 00:01:56]} {[%emt 00:01:49]} Ke7 {[%clk 00:02:31]} {[%emt
00:00:01]} 39. Na5 {[%clk 00:01:21]} {[%emt 00:01:05]} Rxa2 {[%clk 00:02:51]}
{[%emt 00:00:10]} 40. c6 {[%clk 00:31:34]} {[%emt 00:00:18]} Bf5 {[%clk
00:31:24]} {[%emt 00:01:50]} 41. Re3+ {[%clk 00:19:42]} {[%emt 00:12:28]} Kd8
{[%clk 00:28:53]} {[%emt 00:02:59]} 42. Kb4 {[%clk 00:17:52]} {[%emt 00:02:21]}
Ra1 {[%clk 00:23:43]} {[%emt 00:05:40]} 43. Nc4 {[%clk 00:16:18]} {[%emt
00:02:03]} a2 {[%clk 00:24:04]} {[%emt 00:00:11]} 44. Ka3 {[%clk 00:16:20]}
{[%emt 00:00:27]} Kc7 {[%clk 00:22:16]} {[%emt 00:02:16]} 45. Re7+ {[%clk
00:14:34]} {[%emt 00:02:18]} Kxc6 {[%clk 00:22:43]} {[%emt 00:00:02]} 46. Rxg7
{[%clk 00:14:57]} {[%emt 00:00:08]} Rh1 {[%clk 00:14:03]} {[%emt 00:09:10]} 47.
Kxa2 {[%clk 00:15:23]} {[%emt 00:00:04]} Rxh4 {[%clk 00:14:26]} {[%emt
00:00:06]} 48. Ne3 {[%clk 00:14:56]} {[%emt 00:00:56]} Rxf4 {[%clk 00:12:01]}
{[%emt 00:02:56]} 49. Nxf5 {[%clk 00:15:23]} {[%emt 00:00:04]} 1/2-1/2

[Event "OPEN DE MENTON 2023"]
[Site "Palais de l'europe Menton, France"]
[Date "2023.10.22"]
[Round "1.3"]
[White "Guillaume, PHILIPPE 2333"]
[Black "Vladimir, PALEOLOGU 2013"]
[Result "1/2-1/2"]
[TimeControl "90'+30\"/ 40m + 30' +30\""]
[WhiteTitle "IM"]
[WhiteElo "2333"]
[BlackElo "2013"]

1. e4 {[%clk 01:30:54]} {[%emt 00:00:06]} d6 {[%clk 01:30:46]} {[%emt
00:00:14]} 2. d4 {[%clk 01:31:14]} {[%emt 00:00:10]} Nf6 {[%clk 01:31:10]}
{[%emt 00:00:07]} 3. Nc3 {[%clk 01:31:38]} {[%emt 00:00:06]} Nbd7 {[%clk
01:31:23]} {[%emt 00:00:16]} 4. Nf3 {[%clk 01:29:22]} {[%emt 00:02:45]} e5
{[%clk 01:30:26]} {[%emt 00:01:28]} 5. g4 {[%clk 01:28:01]} {[%emt 00:01:51]}
Nxg4 {[%clk 01:30:06]} {[%emt 00:00:50]} 6. Rg1 {[%clk 01:27:15]} {[%emt
00:01:16]} Ngf6 {[%clk 01:28:56]} {[%emt 00:01:39]} 7. Bc4 {[%clk 01:27:01]}
{[%emt 00:00:44]} h6 {[%clk 01:29:17]} {[%emt 00:00:10]} 8. Be3 {[%clk
01:24:15]} {[%emt 00:03:15]} c6 {[%clk 01:29:25]} {[%emt 00:00:22]} 9. Bb3
{[%clk 01:14:03]} {[%emt 00:10:42]} Qa5 {[%clk 01:24:43]} {[%emt 00:05:12]} 10.
Nd2 {[%clk 01:10:28]} {[%emt 00:04:05]} exd4 {[%clk 01:20:09]} {[%emt
00:05:04]} 11. Bxd4 {[%clk 01:09:48]} {[%emt 00:01:09]} Qh5 {[%clk 01:19:48]}
{[%emt 00:00:51]} 12. f3 {[%clk 01:08:24]} {[%emt 00:01:53]} Qxh2 {[%clk
01:13:28]} {[%emt 00:06:52]} 13. Nf1 {[%clk 01:07:59]} {[%emt 00:00:55]} Qf4
{[%clk 00:56:35]} {[%emt 00:17:24]} 14. Qe2 {[%clk 01:02:43]} {[%emt 00:05:45]}
Ne5 {[%clk 00:53:16]} {[%emt 00:03:50]} 15. Nd2 {[%clk 01:01:01]} {[%emt
00:02:11]} Nh5 {[%clk 00:46:50]} {[%emt 00:06:57]} 16. O-O-O {[%clk 00:58:27]}
{[%emt 00:03:04]} Qf6 {[%clk 00:42:01]} {[%emt 00:05:18]} 17. Kb1 {[%clk
00:52:44]} {[%emt 00:06:12]} Nf4 {[%clk 00:41:56]} {[%emt 00:00:36]} 18. Qe3
{[%clk 00:52:25]} {[%emt 00:00:47]} b6 {[%clk 00:38:09]} {[%emt 00:04:20]} 19.
a4 {[%clk 00:47:56]} {[%emt 00:04:59]} Be7 {[%clk 00:20:24]} {[%emt 00:18:15]}
20. a5 {[%clk 00:46:29]} {[%emt 00:01:58]} O-O {[%clk 00:19:22]} {[%emt
00:01:32]} 21. Rg3 {[%clk 00:41:32]} {[%emt 00:05:26]} Kh7 {[%clk 00:13:39]}
{[%emt 00:06:13]} 22. Rdg1 {[%clk 00:40:22]} {[%emt 00:01:39]} g5 {[%clk
00:09:27]} {[%emt 00:04:43]} 23. Rh1 {[%clk 00:33:52]} {[%emt 00:07:00]} Rg8
{[%clk 00:07:58]} {[%emt 00:02:00]} 24. Nd1 {[%clk 00:33:21]} {[%emt 00:01:01]}
Be6 {[%clk 00:07:57]} {[%emt 00:00:30]} 25. Nf2 {[%clk 00:33:00]} {[%emt
00:00:50]} Rg6 {[%clk 00:06:25]} {[%emt 00:02:03]} 26. Ng4 {[%clk 00:31:13]}
{[%emt 00:02:17]} Bxg4 {[%clk 00:06:05]} {[%emt 00:00:50]} 27. fxg4 {[%clk
00:31:36]} {[%emt 00:00:07]} c5 {[%clk 00:06:21]} {[%emt 00:00:14]} 28. Bxe5
{[%clk 00:29:44]} {[%emt 00:02:22]} dxe5 {[%clk 00:06:24]} {[%emt 00:00:27]} 29.
Bc4 {[%clk 00:28:38]} {[%emt 00:01:36]} Rd8 {[%clk 00:06:25]} {[%emt 00:00:29]}
30. Rh2 {[%clk 00:28:50]} {[%emt 00:00:18]} Kg7 {[%clk 00:06:43]} {[%emt
00:00:11]} 31. Qb3 {[%clk 00:28:42]} {[%emt 00:00:37]} Rd7 {[%clk 00:04:24]}
{[%emt 00:02:51]} 32. Nf1 {[%clk 00:28:23]} {[%emt 00:00:48]} Ne6 {[%clk
00:04:02]} {[%emt 00:00:53]} 33. Rf3 {[%clk 00:28:15]} {[%emt 00:00:39]} Rd1+
{[%clk 00:02:22]} {[%emt 00:02:10]} 34. Ka2 {[%clk 00:28:18]} {[%emt 00:00:23]}
Nf4 {[%clk 00:02:37]} {[%emt 00:00:19]} 35. Ne3 {[%clk 00:27:59]} {[%emt
00:00:49]} Rd8 {[%clk 00:01:56]} {[%emt 00:01:11]} 36. Nf5+ {[%clk 00:25:39]}
{[%emt 00:02:50]} Kf8 {[%clk 00:02:14]} {[%emt 00:00:11]} 37. Rff2 {[%clk
00:25:29]} {[%emt 00:00:41]} bxa5 {[%clk 00:01:54]} {[%emt 00:00:51]} 38. Qb7
{[%clk 00:25:21]} {[%emt 00:00:38]} Re8 {[%clk 00:01:33]} {[%emt 00:00:50]} 39.
Rd2 {[%clk 00:21:37]} {[%emt 00:04:13]} Qb6 {[%clk 00:01:41]} {[%emt 00:00:22]}
40. Qd7 {[%clk 00:51:43]} {[%emt 00:00:24]} Qc6 {[%clk 00:30:59]} {[%emt
00:01:13]} 41. Qxc6 {[%clk 00:51:51]} {[%emt 00:00:22]} Rxc6 {[%clk 00:31:27]}
{[%emt 00:00:02]} 42. Bb5 {[%clk 00:52:17]} {[%emt 00:00:04]} Rb6 {[%clk
00:29:57]} {[%emt 00:02:00]} 43. Bxe8 {[%clk 00:52:14]} {[%emt 00:00:33]} Kxe8
{[%clk 00:30:25]} {[%emt 00:00:01]} 44. Nxh6 {[%clk 00:51:46]} {[%emt
00:00:58]} Rb4 {[%clk 00:30:22]} {[%emt 00:00:34]} 45. Nf5 {[%clk 00:52:10]}
{[%emt 00:00:05]} Ng6 {[%clk 00:28:27]} {[%emt 00:02:26]} 46. Rhe2 {[%clk
00:49:50]} {[%emt 00:02:47]} Nf4 {[%clk 00:27:57]} {[%emt 00:01:03]} 47. Re1
{[%clk 00:49:32]} {[%emt 00:00:46]} c4 {[%clk 00:28:07]} {[%emt 00:00:21]} 48.
Rh1 {[%clk 00:49:22]} {[%emt 00:00:39]} Ra4+ {[%clk 00:27:14]} {[%emt
00:01:23]} 49. Kb1 {[%clk 00:49:46]} {[%emt 00:00:06]} c3 {[%clk 00:27:30]}
{[%emt 00:00:14]} 50. bxc3 {[%clk 00:50:01]} {[%emt 00:00:15]} Ng6 {[%clk
00:27:23]} {[%emt 00:00:37]} 51. Re1 {[%clk 00:49:10]} {[%emt 00:01:21]} Nh4
{[%clk 00:27:18]} {[%emt 00:00:35]} 52. Nd6+ {[%clk 00:46:06]} {[%emt
00:03:34]} Bxd6 {[%clk 00:22:02]} {[%emt 00:05:46]} 53. Rxd6 {[%clk 00:46:26]}
{[%emt 00:00:10]} Ke7 {[%clk 00:20:42]} {[%emt 00:01:50]} 54. Rd5 {[%clk
00:46:29]} {[%emt 00:00:27]} Ke6 {[%clk 00:20:04]} {[%emt 00:01:08]} 55. Kb2
{[%clk 00:46:48]} {[%emt 00:00:11]} Rxe4 {[%clk 00:17:10]} {[%emt 00:03:26]} 56.
Rxe4 {[%clk 00:47:05]} {[%emt 00:00:12]} Kxd5 {[%clk 00:17:38]} {[%emt
00:00:01]} 57. Ra4 {[%clk 00:47:28]} {[%emt 00:00:07]} f5 {[%clk 00:17:40]}
{[%emt 00:00:28]} 58. gxf5 {[%clk 00:46:41]} {[%emt 00:01:18]} Nxf5 {[%clk
00:16:35]} {[%emt 00:01:35]} 59. Rg4 {[%clk 00:46:36]} {[%emt 00:00:34]} Ne3
{[%clk 00:15:15]} {[%emt 00:01:51]} 60. Rxg5 {[%clk 00:46:31]} {[%emt
00:00:35]} a4 {[%clk 00:15:32]} {[%emt 00:00:13]} 61. Rg7 {[%clk 00:42:28]}
{[%emt 00:04:32]} Nc4+ {[%clk 00:15:42]} {[%emt 00:00:20]} 62. Ka2 {[%clk
00:41:45]} {[%emt 00:01:13]} a5 {[%clk 00:16:05]} {[%emt 00:00:07]} 1/2-1/2